Využitie neuromarketingu pri tvorbe značky bakalárska práca

Guardado en:
Detalles Bibliográficos
Autor principal: Stanimirovičová, Ana
Autor Corporativo: Obchodná fakulta EU. Katedra marketingu
Otros Autores: Hula, Róbert, 1992-
Formato: Libro
Lenguaje:eslovaco
Publicado: Bratislava 2022
Etiquetas: Agregar Etiqueta
Sin Etiquetas, Sea el primero en etiquetar este registro!

MARC

LEADER 00000nbm a2200000 4500
001 0285762
005 20221128133004.9
041 0 |a slo 
044 |a SK 
245 1 0 |a Využitie neuromarketingu pri tvorbe značky  |b bakalárska práca  |c Ana Stanimirovičová ; školiteľ: Róbert Hula 
264 1 |a Bratislava  |c 2022 
300 |a 51 s. 
100 1 |a Stanimirovičová, Ana 
700 1 |a Hula, Róbert, 1992- 
710 2 |a Obchodná fakulta EU. Katedra marketingu